|
|
|
|
| LEADER |
00000cam a2200000 7i4500 |
| 001 |
0000008926 |
| 005 |
20201102093000.0 |
| 008 |
021119s1991 |
| 020 |
|
|
|a 0201132397
|
| 020 |
|
|
|a 9780201132397
|
| 090 |
0 |
0 |
|a RT41
|b .S94 1991
|
| 100 |
1 |
|
|a Swearingen, Pamela L. ,
|e author
|
| 245 |
0 |
0 |
|a Photo atlas of nursing procedures
|c Pamela L. Swearingen; in association with Indiana University School of Nursing ... [et al.]
|
| 250 |
|
|
|a 2nd ed
|
| 260 |
|
|
|a Redwood City, California :
|b Addison-Wesley Nursing ,
|c c1991
|
| 300 |
|
|
|a xxi, 650 p. :
|b ill. ;
|c 28 cm.
|
| 500 |
|
|
|a Includes index
|
| 500 |
|
|
|a Rev. ed. of: The Addison-Wesley photo-atlas of nursing procedures. c1984
|
| 650 |
|
0 |
|a Nursing
|x Pictorial works
|
| 650 |
1 |
2 |
|a Nursing
|x atlases
|
| 700 |
1 |
|
|a Swearingen, Pamela L. ,
|e author
|
| 710 |
2 |
|
|a Indiana University .
|b School of Nursing
|
| 999 |
|
|
|a 1000024219
|b Book
|c OPEN SHELF (30 DAYS)
|e Gong Badak Campus
|